Hodnotenie výkonnosti podniku na báze zisku a na báze cashflow
Zhodnotenie výkonnosti podniku pomocou rentability, nielen na báze zisku, ale aj na báze cash flow. Porovnanie a odlišnosti ukazovateľov EVA s EPS, ROA, ROE. Faktory, ktoré by mal podnikateľský subjekt v podmienkach Slovenskej republiky pri budovaní svojej finančnej štruktúry rešpektovať.
Enregistré dans:
| Auteur principal: | |
|---|---|
| Format: | Chapitre de livre |
| Langue: | slovaque |
| Sujets: | |
| Tags: |
Pas de tags, Soyez le premier à ajouter un tag!
|
MARC
| LEADER | 00000nla a2200000 4500 | ||
|---|---|---|---|
| 001 | 0186913 | ||
| 005 | 20221020085625.6 | ||
| 041 | 0 | |a slo | |
| 044 | |a SK | ||
| 245 | 1 | 0 | |a Hodnotenie výkonnosti podniku na báze zisku a na báze cashflow |c Jana Czillingová |
| 520 | |a Zhodnotenie výkonnosti podniku pomocou rentability, nielen na báze zisku, ale aj na báze cash flow. Porovnanie a odlišnosti ukazovateľov EVA s EPS, ROA, ROE. Faktory, ktoré by mal podnikateľský subjekt v podmienkach Slovenskej republiky pri budovaní svojej finančnej štruktúry rešpektovať. | ||
| 610 | 2 | 0 | |a situácia finančná podniku |
| 610 | 2 | 0 | |a riadenie finančné |
| 610 | 2 | 0 | |a rentabilita |
| 610 | 2 | 0 | |a cash flow |
| 610 | 2 | 0 | |a kapitál vlastný |
| 610 | 2 | 0 | |a ukazovateľ EVA |
| 610 | 2 | 0 | |a plánovanie zisku |
| 100 | 1 | |a Czillingová, Jana | |